000
00302nam a22001337a 4500
008
170713b xxu||||| |||| 00| 0 eng d
020
_a
9781551111797
041
_a
eng
080
_a
101
100
_a
24
101
_a
FIL
245
_a
READINGS IN THE PHILOSOPHY OF LAW
_c
CULVER, K
942
_2
udc
_c
BK
999
_c
20556
_d
20556